Palique diplomático (Record no. 123976)

MARC details
000 -LEADER
campo de control de longitud fija 01311nam a2200301 i 4500
001 - NÚMERO DE CONTROL
campo de control 123976
003 - IDENTIFICADOR DE NÚMERO DE CONTROL
campo de control ES-MaACL
005 - FECHA Y HORA DE LA ÚLTIMA TRANSACCIÓN
campo de control 20251219095334.0
007 - CAMPO FIJO DE DESCRIPCIÓN FÍSICA--INFORMACIÓN GENERAL
campo de control de longitud fija t|
008 - DATOS DE LONGITUD FIJA--INFORMACIÓN GENERAL
campo de control de longitud fija 070214s1923 sp r ||||1| spa d
080 ## - NÚMERO DE LA CLASIFICACIÓN DECIMAL UNIVERSAL
Número de la Clasificación Decimal Universal 327(460)"1874/1902"
080 ## - NÚMERO DE LA CLASIFICACIÓN DECIMAL UNIVERSAL
Número de la Clasificación Decimal Universal 327(460)"1902/31"
080 ## - NÚMERO DE LA CLASIFICACIÓN DECIMAL UNIVERSAL
Número de la Clasificación Decimal Universal 929 Villa-Urrutia, Wenceslao Ramírez de Villa-Urrutia, Marqués de
080 ## - NÚMERO DE LA CLASIFICACIÓN DECIMAL UNIVERSAL
Número de la Clasificación Decimal Universal 94(4)"1871/1918"(093.3)
100 1# - ENTRADA PRINCIPAL--NOMBRE DE PERSONA
Nombre de persona Villa-Urrutia, Wenceslao Ramírez de Villa-Urrutia,
Títulos y otros términos asociados al nombre Marqués de,
Fechas asociadas al nombre 1850-1933
9 (RLIN) 114894
245 10 - MENCIÓN DEL TÍTULO
Título Palique diplomático
Resto del título : recuerdos de un embajador /
Mención de responsabilidad, etc. Marqués de Villa-Urrutia ; prólogo del Excmo. Sr. D. Gabriel Maura Gamazo.
260 ## - PUBLICACIÓN, DISTRIBUCIÓN, ETC.
Lugar de publicación, distribución, etc. Madrid :
Nombre del editor, distribuidor, etc. Francisco Beltrán :
-- Librería Española y Extranjera,
Fecha de publicación, distribución, etc. 1923 (
Fabricante Tip. Artística)
300 ## - DESCRIPCIÓN FÍSICA
Extensión 174 p. ;
Dimensiones 22 cm.
530 ## - NOTA DISPONIBLE DE FORMULARIO FÍSICO ADICIONAL
Nota de formato físico adicional disponible Disponible en formato digital.
651 #4 - PUNTO DE ACCESO ADICIONAL DE MATERIA--NOMBRE GEOGRÁFICO
Nombre geográfico España-
Subdivisión general Política exterior-
Subdivisión cronológica 1902-1931.
9 (RLIN) 8422
651 #4 - PUNTO DE ACCESO ADICIONAL DE MATERIA--NOMBRE GEOGRÁFICO
Nombre geográfico España-
Subdivisión general Política exterior-
Subdivisión cronológica 1874-1902.
9 (RLIN) 147689
651 #4 - PUNTO DE ACCESO ADICIONAL DE MATERIA--NOMBRE GEOGRÁFICO
Nombre geográfico Europa-
Subdivisión general Historia-
Subdivisión cronológica 1871-1918-
Subdivisión de forma Relatos personales.
9 (RLIN) 147690
700 1# - ENTRADA AGREGADA--NOMBRE PERSONAL
Nombre de persona Maura Gamazo, Gabriel,
Títulos y otros términos asociados al nombre Duque de Maura,
Fechas asociadas al nombre 1879-1963
9 (RLIN) 79221
852 ## - LOCALIZACIÓN
Ubicación ES-MaACL
Número de control de estantería F-6026
Ubicación en estantería Depósito 2
856 4# - LOCALIZACIÓN Y ACCESO ELECTRÓNICOS
Identificador Uniforme de Recursos <a href="http://bdh-rd.bne.es/viewer.vm?id=0000167954&page=1 ">http://bdh-rd.bne.es/viewer.vm?id=0000167954&page=1 </a>
Texto de enlace (Biblioteca Digital Hispánica)
942 ## - ELEMENTOS DE ENTRADA SECUNDARIOS (KOHA)
Fuente del sistema de clasificación o colocación Clasificación decimal universal
Holdings
Estatus retirado Estado de pérdida Estado de daño No para préstamo Colección Biblioteca de origen Biblioteca actual Ubicación en estantería Fecha de adquisición Fuente de adquisición Total de préstamos Signatura topográfica completa Código de barras Visto por última vez Precio de reemplazo Tipo de ítem Koha
        Colección digital Biblioteca del Ateneo de Madrid Biblioteca del Ateneo de Madrid Depósito 2 17/01/2008     F-6026 1129164 23/02/2023 23/02/2023 Libro impreso